Statistiques concernant Capitales les plus proches de Doha

Cliquez ici pour prendre le quiz!

Statistiques générales

  • Ce quiz a été pris 41 fois
  • Le résultat moyen est 15 sur 20

Statistiques - réponses

kmcapitale% Correct
1131Bagdad
97%
1158Téhéran
97%
1748Jérusalem
95%
492Riyad
95%
722Mascate
92%
1343Sanaa
92%
302Abou Dabi
89%
1818Beyrouth
87%
1734Damas
87%
1693Amman
82%
575Koweït
82%
140Manama
79%
1764Djibouti
71%
1783Erevan
55%
1989Kaboul
53%
1718Asmara
50%
1930Tbilissi
50%
1686Bakou
42%
2059Nicosie
42%
1549Achgabat
21%

Distribution des résultats

Percentile par nombre de réponses

% des personnes avec chaque résultat

Votre développement - résultats

Vous n’avez pas pris ce quiz